राष्ट्रवाद एक विचारधारा/ (Record no. 209949)
[ view plain ]
| 000 -LEADER | |
|---|---|
| fixed length control field | 00612nam a22001577a 4500 |
| 005 - DATE AND TIME OF LATEST TRANSACTION | |
| control field | 20250306125542.0 |
| 020 ## - INTERNATIONAL STANDARD BOOK NUMBER | |
| Terms of availability | 150.00 |
| 037 ## - SOURCE OF ACQUISITION | |
| Source of stock number/acquisition | शिवालिक प्रकाशन |
| 082 ## - DEWEY DECIMAL CLASSIFICATION NUMBER | |
| Edition number | 1 |
| 100 ## - MAIN ENTRY--PERSONAL NAME | |
| Personal name | कुलश्रेष्ठ, सुधांशु |
| 245 ## - TITLE STATEMENT | |
| Title | राष्ट्रवाद एक विचारधारा/ |
| Statement of responsibility, etc | सुधांशु कुलश्रेष्ठ |
| 250 ## - EDITION STATEMENT | |
| Edition statement | 1 |
| 260 ## - PUBLICATION, DISTRIBUTION, ETC. (IMPRINT) | |
| Place of publication, distribution, etc | नई दिल्ली |
| Name of publisher, distributor, etc | शिवालिक प्रकाशन |
| Date of publication, distribution, etc | 2023 |
| 300 ## - PHYSICAL DESCRIPTION | |
| Extent | 124पृ. |
| Dimensions | 22cm(आजिल्द) |
| 942 ## - ADDED ENTRY ELEMENTS (KOHA) | |
| Source of classification or shelving scheme | Dewey Decimal Classification |
| Item type | Hindi Books |
| Call number suffix | कुलश्रे |
No items available.
